Entry Nombre personal
001 - NÚMERO DE CONTROL
- campo de control: 100866
003 - IDENTIFICADOR DE NÚMERO DE CONTROL
- campo de control: SpMaBN
005 - FECHA Y HORA DE LA ÚLTIMA TRANSACCIÓN
- campo de control: 20240422214517.0
008 - ELEMENTOS DE DATO DE LONGITUD-FIJA
- campo de control de longitud fija: 960922n| aijnnaabn a aac
016 ## - NÚMERO DE CONTROL DE UNA AGENCIA BIBLIOGRÁFICA NACIONAL
- Número de control del registro: BNE19990688046
040 ## - FUENTE DE CATALOGACIÓN
- Centro catalogador/agencia de origen: SpMaBN
- Lengua de catalogación: spa
- Centro/agencia transcriptor: SpMaBN
- Normas de descripción: rdc
- Convención/Normas de encabezamiento de materia/tesauro: embne
046 ## - FECHAS CON CODIFICACIÓN ESPECIAL
- Fecha de nacimiento: 1862
100 1# - ENCABEZAMIENTO-NOMBRE DE PERSONA
- Nombre de persona: Ruimar, Cándido,
- Fechas asociadas al nombre: n. 1862
375 ## - GÉNERO/SEXO
- Género: Masculino
400 1# - TRAZADO DE VÉASE--NOMBRE DE PERSONA
- Nombre de persona: Ruimar Domínguez, Cándido,
- Fechas asociadas al nombre: n. 1862
400 1# - TRAZADO DE VÉASE--NOMBRE DE PERSONA
- Nombre de persona: Ruiz Martínez, Cándido,
- Fechas asociadas al nombre: n. 1862
670 ## - FUENTE DE DATOS ENCONTRADOS
- Cita de la fuente: Un capítulo y una poesía de España al desnudo, 1920
- Información encontrada: port. (Cándido Ruimar) p. 68 (Sr. Ruiz Martínez, o Ruimar, como él desea ser llamado) p. 74 (antiguo senador, diputado a Cortes y creo que gobernador) p. 78 (militar y senador)
670 ## - FUENTE DE DATOS ENCONTRADOS
- Cita de la fuente: Dicc. de seud. lit. esp., 1977
- Información encontrada: (Ruimar, Cándido; anag. de Cándido Ruiz Martínez)
670 ## - FUENTE DE DATOS ENCONTRADOS
- Cita de la fuente: Espasa
- Información encontrada: (Ruiz Martínez, Cándido; escritor, político y militar español de fines del siglo XIX; fue diputado a Cortes)
670 ## - FUENTE DE DATOS ENCONTRADOS
- Cita de la fuente: ABEPI
- Información encontrada: (Ruiz Martínez, Cándido; Benarrabá (Málaga), 1862; literato, poeta y autor dramático; diputado y militar)
